Loading...
| Religion | 0 | 3 | 0 | 0 | 30 | 74 | 85.33 | 0 | 1 | 6.28 | 14.27 |
| History - World | 0 | 2 | 0 | 0 | 20 | 20 | 44.00 | 1 | 1 | 10.61 | 11.36 |
| Science - Biology | 0 | 2 | 0 | 0 | 20 | 48 | 50.50 | 0 | 2 | 8.87 | 14.77 |
| Mythology | 0 | 2 | 0 | 0 | 20 | 61 | 62.50 | 0 | 1 | 8.16 | 10.86 |
| Science - Physics | 0 | 2 | 0 | 1 | 20 | 94 | 98.00 | 0 | 0 | 0.95 | 5.68 |
| Literature - European | 0 | 2 | 0 | 0 | 20 | 46 | 83.50 | 1 | 1 | 5.45 | 11.11 |
| Literature - British | 0 | 2 | 1 | 0 | 15 | 64 | 72.50 | 0 | 0 | 7.10 | 9.60 |
| Literature - World | 0 | 1 | 0 | 0 | 10 | 75 | 75.00 | 0 | 1 | 3.16 | 6.82 |
| Fine Arts - Other | 0 | 1 | 0 | 0 | 10 | 51 | 51.00 | 0 | 1 | 5.19 | 8.08 |
| Fine Arts - Painting and Sculpture | 0 | 1 | 0 | 0 | 10 | 70 | 70.00 | 0 | 1 | 3.83 | 7.07 |
| Current Events | 0 | 1 | 0 | 0 | 10 | 75 | 75.00 | 0 | 0 | 6.11 | 5.00 |
| Science - Other | 0 | 1 | 0 | 1 | 10 | 114 | 114.00 | 0 | 0 | 0.00 | 1.14 |